000 00904nam a2200205Ii 4500
003 JO-AjNU
008 230605s9999||||xx |||||||||||||| ||und||
040 _aJO-AjNU
_bara
_erda
_cJO-AjNU
041 _aara
050 1 4 _aDS38.9.K3433 1964
100 3 _aتاليف خالدي، مصطفى، م.مشارك فروخ، عمر,
_eauthor
_940946
245 0 0 _aالتبشير والاستعمار في البلاد العربية: عرض لجهود المبشرين التي ترمي الى إخضاع الشرق للاستعمار الغربي
250 _aط3
264 3 1 _aبيروت: (د.ن) ، 1964
300 _a268ص
_bالملاحق من ص ( 257- 261) /الفهارسمن ص 263-268)
336 _atext
_btxt
_2rdacontent
337 _aunmediated
_bn
_2rdamedia
338 _avolume
_bnc
_2rdacarrier
650 4 _aاستعمار- تاريخ، عرب- تاريخ- القرن العشرون
_940947
999 _aA17417
_c20985
_d20985